000 01225nam a2200253Ia 4500
003 OSt
005 20201119141939.0
008 191128s2013 sp a gr 000 0 spa d
020 _a9788499694214
040 _aCO-JMCR
_cCO-JMCR
041 0 _aspa
082 0 4 _a658.404 /
_bB226h
_223
100 1 _aBarato, José,
_eautor
_912390
245 0 _aLos hábitos de un director de proyectos eficaz :
_baprender, enseñar y practicar buenos hábitos en gestión de proyectos /
_cJosé Barato
260 _aMadrid :
_bDíaz de Santos,
_c2013
300 _axii, 241 páginas :
_bdiagramas y gráficos a blanco y negro ;
_c22 cm.
500 _aIncluye datos biográficos del autor en contraportada y notas a pie de páginas.
505 0 _aEl éxito en los proyectos se consigue con buenos hábitos -- Director de proyectos: una profesión poco agradecida -- El director de proyectos debe ser "buena persona" -- Los hábitos de un director de proyectos eficaz -- Madurando como director de proyectos
650 2 4 _aAdministración de proyectos
_912200
650 2 4 _aEvaluación de proyectos
_92814
650 2 4 _aElaboración de proyectos
_912391
650 2 4 _aGerentes de proyectos
_xCaracterísticas
_912392
942 _2ddc
_cBK
999 _c6132
_d6132